[Event "32nd ECC Open 2016"]
[Site "Novi Sad SRB"]
[Date "2016.11.10"]
[Round "5.1"]
[Board "2"]
[White "Dominguez Perez, Leinier"]
[Black "Andreikin, Dmitry"]
[Result "0-1"]
[WhiteTitle "GM"]
[BlackTitle "GM"]
[WhiteElo "2752"]
[BlackElo "2736"]
[WhiteTeam "Mednyi Vsadnik"]
[BlackTeam "Alkaloid"]
[WhiteFideId "3503240"]
[BlackFideId "4158814"]
[EventDate "2016.11.06"]

1. e4 e5 2. Nf3 Nc6 3. d4 exd4 4. Nxd4 Bc5 5. Nb3 Bb6 6. Nc3 Nf6 7. Bg5 h6 8.
Bh4 d6 9. f3 g5 10. Bg3 a6 11. Qd2 Qe7 12. O-O-O Be6 13. h4 O-O-O 14. Kb1 Nd7
15. Bf2 Qf6 16. Bxb6 Nxb6 17. Qf2 Kb8 18. Be2 Rhg8 19. hxg5 hxg5 20. Nd4 Nxd4
21. Rxd4 Qe5 22. Rhd1 Rh8 23. R4d2 Rh2 24. Bf1 Rh1 25. Qe3 Rdh8 26. Be2 Qg3 27.
b3 Nd7 28. Bf1 Qe5 29. Ne2 Nf6 30. Nd4 Nd5 31. Qd3 Nf4 32. Qe3 Nd5 33. Qd3 Nf4
34. Qe3 R8h2 35. g3 Nd5 36. Qd3 Nb4 37. Qe3 Nd5 38. Qd3 Nb4 39. Qe3 Qa5 40. a4
Nd5 41. exd5 Rxd2 42. Rxd2 Rxf1+ 43. Ka2 Bxd5 44. Kb2 Bxf3 45. Qd3 Be4 0-1

[Event "32nd ECC Open 2016"]
[Site "Novi Sad SRB"]
[Date "2016.11.10"]
[Round "5.1"]
[Board "3"]
[White "Eljanov, Pavel"]
[Black "Vitiugov, Nikita"]
[Result "1/2-1/2"]
[WhiteTitle "GM"]
[BlackTitle "GM"]
[WhiteElo "2757"]
[BlackElo "2718"]
[WhiteTeam "Alkaloid"]
[BlackTeam "Mednyi Vsadnik"]
[WhiteFideId "14102951"]
[BlackFideId "4152956"]
[EventDate "2016.11.06"]

1. d4 Nf6 2. c4 e6 3. Nf3 Bb4+ 4. Nbd2 O-O 5. g3 d5 6. Bg2 b6 7. O-O Bb7 8. Ne5
Nbd7 9. Nxd7 Qxd7 10. a3 Be7 11. cxd5 exd5 12. Nf3 Bd6 13. Bf4 Bxf4 14. gxf4 c5
15. e3 Qe7 16. dxc5 bxc5 17. Qc2 Rac8 18. Qf5 Rfd8 19. Rfd1 Rc6 20. b4 Bc8 21.
Qg5 h6 22. Qh4 Rc7 23. bxc5 Bg4 24. c6 Bxf3 25. Bxf3 Rxc6 26. Rd3 Rdc8 27. Rad1
Rc1 28. Qh3 Rxd1+ 29. Rxd1 Rc3 30. a4 Rc4 31. Qf5 Qe6 32. Qxe6 fxe6 33. f5 exf5 1/2-1/2

[Event "32nd ECC Open 2016"]
[Site "Novi Sad SRB"]
[Date "2016.11.10"]
[Round "5.1"]
[Board "4"]
[White "Bu, Xiangzhi"]
[Black "Jakovenko, Dmitry"]
[Result "1/2-1/2"]
[WhiteTitle "GM"]
[BlackTitle "GM"]
[WhiteElo "2698"]
[BlackElo "2709"]
[WhiteTeam "Mednyi Vsadnik"]
[BlackTeam "Alkaloid"]
[WhiteFideId "8601445"]
[BlackFideId "4122356"]
[EventDate "2016.11.06"]

1. c4 Nf6 2. Nf3 e6 3. g3 d5 4. Bg2 Be7 5. O-O O-O 6. d4 dxc4 7. Qc2 a6 8. a4
Bd7 9. Rd1 Bc6 10. Nc3 Bxf3 11. Bxf3 Nc6 12. Bxc6 bxc6 13. Bg5 Rb8 14. e3 a5 15.
Qe2 Nd7 16. Bxe7 Qxe7 17. Qxc4 c5 18. Rd2 Rb4 19. Qe2 c6 20. Rad1 c4 21. Qh5 Ra8
22. Qf3 Rc8 23. Qh5 Ra8 24. Qf3 Rc8 25. Qh5 1/2-1/2

[Event "32nd ECC Open 2016"]
[Site "Novi Sad SRB"]
[Date "2016.11.10"]
[Round "5.1"]
[Board "5"]
[White "Yu, Yangyi"]
[Black "Matlakov, Maxim"]
[Result "1/2-1/2"]
[WhiteTitle "GM"]
[BlackTitle "GM"]
[WhiteElo "2721"]
[BlackElo "2691"]
[WhiteTeam "Alkaloid"]
[BlackTeam "Mednyi Vsadnik"]
[WhiteFideId "8603820"]
[BlackFideId "4168003"]
[EventDate "2016.11.06"]

1. e4 e5 2. Nf3 Nc6 3. Bc4 Bc5 4. O-O Nf6 5. d3 O-O 6. a4 a6 7. h3 d6 8. c3 Ba7
9. Re1 Ne7 10. d4 Ng6 11. Nbd2 c6 12. dxe5 dxe5 13. a5 h6 14. b4 Nh5 15. Bf1 Ng3
16. c4 Be6 17. c5 Nxf1 18. Nxf1 Qf6 19. Ng3 Rad8 20. Nh5 Qe7 21. Qc2 Bb8 22. Ng3
Rd7 23. Nf5 Bxf5 24. exf5 Nh4 25. Nxh4 Qxh4 26. Re4 Qh5 27. Rg4 Rd4 28. Rxd4
exd4 29. Qd3 Qh4 30. Bd2 Re8 31. Re1 Rxe1+ 32. Bxe1 Be5 33. Kf1 Qd8 34. Qe4 Bf6
35. Ke2 d3+ 36. Qxd3 Qe7+ 37. Qe3 Qd7 38. Qe4 Bd4 39. f3 Bb2 40. Bg3 Qd4 41. Bf2
Qc3 42. Be1 Qb3 43. Bd2 Bf6 44. g3 Kf8 45. h4 Qb2 46. Ke1 Qa1+ 47. Kf2 Qb2 48.
Qd3 Qd4+ 49. Qxd4 Bxd4+ 50. Kg2 Kg8 51. Kh3 Kh7 52. Kg4 Bb2 53. Kf4 f6 54. Kg4
Be5 55. Be1 Bd4 56. Kh5 Bb2 57. Bd2 Bd4 58. f4 Bf2 59. g4 Bd4 60. g5 Bb2 61. Kg4
Kg8 62. h5 Kf7 63. gxh6 gxh6 64. Kf3 Ke7 65. Ke4 Kf7 66. Kd3 Ke7 67. Be3 Kf7 68.
Kc2 Ba1 69. Kb3 Ke7 70. Bf2 Kd7 71. Be3 Ke7 72. Bf2 1/2-1/2

[Event "32nd ECC Open 2016"]
[Site "Novi Sad SRB"]
[Date "2016.11.10"]
[Round "5.1"]
[Board "6"]
[White "Fedoseev, Vladimir3"]
[Black "Kryvoruchko, Yuriy"]
[Result "0-1"]
[WhiteTitle "GM"]
[BlackTitle "GM"]
[WhiteElo "2673"]
[BlackElo "2702"]
[WhiteTeam "Mednyi Vsadnik"]
[BlackTeam "Alkaloid"]
[WhiteFideId "24130737"]
[BlackFideId "14109182"]
[EventDate "2016.11.06"]

1. g3 e5 2. c4 Nf6 3. Bg2 Nc6 4. d3 d5 5. cxd5 Nxd5 6. Nc3 Be6 7. Nf3 Be7 8. O-O
O-O 9. Bd2 Qd7 10. Ne4 f6 11. Rc1 a5 12. Nc5 Bxc5 13. Rxc5 a4 14. Qc1 Nde7 15.
Qb1 Nf5 16. Rfc1 Qf7 17. a3 Nfd4 18. Re1 Nb3 19. Rb5 Qd7 20. Bc3 Nd8 21. Rxb3
axb3 22. d4 exd4 23. Nxd4 Bd5 24. e4 Bc4 25. Qc1 Qf7 26. Nf5 Be6 27. Nd4 Bc4 28.
Nf5 Be6 29. Ne3 Nc6 30. f4 Rad8 31. f5 Bc8 32. Nd5 Bxf5 33. exf5 Rxd5 34. Bxd5
Qxd5 35. Qd1 Qxd1 36. Rxd1 Rd8 37. Rxd8+ Nxd8 38. Kf2 Nf7 39. Ke3 Nd6 40. g4 h5
41. h3 Kf7 42. a4 hxg4 43. hxg4 g6 44. fxg6+ Kxg6 45. Kd4 Kg5 46. Kd5 Ne8 47.
Ke6 Kxg4 48. Kd7 f5 49. Kxe8 c5 0-1

[Event "32nd ECC Open 2016"]
[Site "Novi Sad SRB"]
[Date "2016.11.10"]
[Round "5.2"]
[Board "1"]
[White "Ivanchuk, Vassily"]
[Black "Kramnik, Vladimir"]
[Result "1/2-1/2"]
[WhiteTitle "GM"]
[BlackTitle "GM"]
[WhiteElo "2733"]
[BlackElo "2810"]
[WhiteTeam "Ashdod"]
[BlackTeam "Syberia"]
[WhiteFideId "14100010"]
[BlackFideId "4101588"]
[EventDate "2016.11.06"]

1. c4 e6 2. Nc3 Nf6 3. Nf3 d5 4. d4 Be7 5. Bg5 h6 6. Bh4 O-O 7. Rc1 Nbd7 8. e3
c5 9. cxd5 Nxd5 10. Bxe7 Nxe7 11. Be2 b6 12. dxc5 Nxc5 13. b4 Qxd1+ 14. Rxd1 Nd7
15. Nd4 a5 16. b5 Nc5 17. f3 Bb7 18. e4 Rac8 19. Kf2 e5 20. Nf5 Nxe4+ 21. Nxe4
Nxf5 22. Nd6 Nxd6 23. Rxd6 Rc2 24. Rhd1 e4 25. R1d2 Rxd2 26. Rxd2 exf3 27. gxf3
Ba8 28. Rd6 Rb8 29. Bc4 Kf8 30. Rd7 Rc8 31. Rxf7+ Ke8 32. Be6 Rc3 33. h4 g5 34.
hxg5 hxg5 35. a4 Ra3 36. Kg3 Re3 37. Ba2 Ra3 38. Be6 Re3 39. Bc4 Rc3 40. Be6 Re3
41. Bc4 Rc3 42. Be6 1/2-1/2

[Event "32nd ECC Open 2016"]
[Site "Novi Sad SRB"]
[Date "2016.11.10"]
[Round "5.2"]
[Board "2"]
[White "Giri, Anish"]
[Black "Vallejo Pons, Francisco"]
[Result "1-0"]
[WhiteTitle "GM"]
[BlackTitle "GM"]
[WhiteElo "2767"]
[BlackElo "2716"]
[WhiteTeam "Syberia"]
[BlackTeam "Ashdod"]
[WhiteFideId "24116068"]
[BlackFideId "2205530"]
[EventDate "2016.11.06"]

1. Nf3 d5 2. g3 Nf6 3. Bg2 e6 4. O-O c5 5. c4 d4 6. e3 Nc6 7. exd4 cxd4 8. d3
Nd7 9. Re1 Be7 10. Na3 e5 11. Nc2 a5 12. a3 O-O 13. Bd2 a4 14. Nb4 Bd6 15. Ng5
Nc5 16. Ne4 Nb3 17. Nxd6 Qxd6 18. Nxc6 bxc6 19. Bb4 Qf6 20. Bxf8 Kxf8 21. Rb1
Bf5 22. Qf3 Re8 23. Rbd1 Re6 24. g4 Bg6 25. Qxf6 gxf6 26. Be4 Bxe4 27. Rxe4 Nc5
28. Re2 Kg7 29. h4 h5 30. gxh5 f5 31. f4 exf4 32. Rf2 Re5 33. Rxf4 Ne6 34. Rf3
f4 35. Kf2 Rxh5 36. Rg1+ Kf6 37. Rh3 Rh8 38. h5 Rb8 39. Rb1 Rh8 40. b4 axb3 41.
Rxb3 Kg7 42. a4 Re8 43. h6+ Kh7 44. a5 Ng5 45. Rh5 Re5 46. Ra3 Ne4+ 47. dxe4
Rxh5 48. a6 d3 49. a7 Rh2+ 50. Ke1 Rh1+ 51. Kd2 Rh2+ 52. Kc3 d2 53. Kc2 f3 54.
a8=Q f2 55. Rf3 1-0

[Event "32nd ECC Open 2016"]
[Site "Novi Sad SRB"]
[Date "2016.11.10"]
[Round "5.2"]
[Board "3"]
[White "Smirin, Ilia"]
[Black "Grischuk, Alexander"]
[Result "1/2-1/2"]
[WhiteTitle "GM"]
[BlackTitle "GM"]
[WhiteElo "2674"]
[BlackElo "2751"]
[WhiteTeam "Ashdod"]
[BlackTeam "Syberia"]
[WhiteFideId "2801990"]
[BlackFideId "4126025"]
[EventDate "2016.11.06"]

1. e4 c5 2. Nf3 Nc6 3. Nc3 g6 4. d4 cxd4 5. Nxd4 Bg7 6. Nb3 d6 7. Be2 Bxc3+ 8.
bxc3 Nf6 9. f3 O-O 10. Bg5 Qc7 11. O-O Rd8 12. Qd2 Be6 13. Nd4 Nxd4 14. cxd4 Bc4
15. Bd3 Rac8 16. a4 Qd7 17. d5 Rc7 18. a5 Rdc8 19. Rab1 Bxd3 20. cxd3 Rc2 21.
Qb4 R8c7 22. Be3 a6 23. Bb6 R7c3 24. Rfd1 Nh5 25. Be3 Rc7 26. Rd2 Rxd2 27. Bxd2
Qc8 28. Be3 Nf6 29. h3 Nd7 30. f4 Nf6 31. Kh2 Nh5 32. Rb2 Nf6 33. Bd4 Nd7 34.
Qd2 f6 35. Qe2 Qf8 36. Qg4 Qe8 37. Qe2 1/2-1/2

[Event "32nd ECC Open 2016"]
[Site "Novi Sad SRB"]
[Date "2016.11.10"]
[Round "5.2"]
[Board "4"]
[White "Tomashevsky, Evgeny"]
[Black "Volokitin, Andrei"]
[Result "1/2-1/2"]
[WhiteTitle "GM"]
[BlackTitle "GM"]
[WhiteElo "2722"]
[BlackElo "2668"]
[WhiteTeam "Syberia"]
[BlackTeam "Ashdod"]
[WhiteFideId "4147235"]
[BlackFideId "14107090"]
[EventDate "2016.11.06"]

1. d4 Nf6 2. Nf3 g6 3. Bg5 Bg7 4. Nbd2 c5 5. e3 d5 6. c3 Qb6 7. Qb3 Nc6 8. Be2
O-O 9. O-O Bf5 10. h3 Rfe8 11. Bf4 Ne4 12. g4 Nxd2 13. Nxd2 Bc8 14. Qxb6 axb6
15. Bc7 cxd4 16. exd4 e5 17. dxe5 Bxe5 18. Bxe5 Rxe5 19. Rfe1 Be6 20. a3 d4 21.
Nf3 Re4 22. Nxd4 Nxd4 23. cxd4 Rxd4 24. Rad1 Rad8 25. Rxd4 Rxd4 26. Rd1 Rxd1+
27. Bxd1 g5 28. Bf3 Bc8 29. Bd5 Kf8 30. f4 f6 31. fxg5 fxg5 32. Kf2 Ke7 33. Ke3
b5 34. b4 Kd6 35. Kd4 h6 36. Bf3 b6 37. Be2 Bd7 38. Bf3 Be8 39. Be2 1/2-1/2

[Event "32nd ECC Open 2016"]
[Site "Novi Sad SRB"]
[Date "2016.11.10"]
[Round "5.2"]
[Board "5"]
[White "Moiseenko, Alexander"]
[Black "Li, Chao b"]
[Result "1-0"]
[WhiteTitle "GM"]
[BlackTitle "GM"]
[WhiteElo "2650"]
[BlackElo "2730"]
[WhiteTeam "Ashdod"]
[BlackTeam "Syberia"]
[WhiteFideId "14102560"]
[BlackFideId "8604436"]
[EventDate "2016.11.06"]

1. d4 Nf6 2. c4 g6 3. Nc3 d5 4. cxd5 Nxd5 5. e4 Nxc3 6. bxc3 Bg7 7. Qa4+ Qd7 8.
Bb5 c6 9. Be2 c5 10. Bb5 Nc6 11. Nf3 O-O 12. O-O Qc7 13. Bxc6 bxc6 14. Ba3 cxd4
15. cxd4 Bg4 16. Ne5 Bxe5 17. dxe5 Qxe5 18. f3 Be6 19. Bxe7 Rfe8 20. Ba3 Red8
21. Rad1 Bxa2 22. Qc2 Qe6 23. Bb2 Qb3 24. Rxd8+ Rxd8 25. Qc1 Qe6 26. Qc3 f6 27.
Ra1 Rd7 28. Qxf6 Qxf6 29. Bxf6 Bb3 30. Kf2 c5 31. Ke3 Kf7 32. Be5 g5 33. Ra5 Bc4
34. Rxc5 Rd3+ 35. Ke2 Ba6 36. Ke1 Re3+ 37. Kf2 Re2+ 38. Kg3 Ra2 39. Kg4 Bf1 40.
Kxg5 Bxg2 41. Kf4 a5 42. Bd4 a4 43. Rc7+ Ke8 44. Rxh7 Bh1 45. e5 Re2 46. Bc5 Rc2
47. Bd6 Rc6 48. Rg7 Rc4+ 49. Kf5 1-0

[Event "32nd ECC Open 2016"]
[Site "Novi Sad SRB"]
[Date "2016.11.10"]
[Round "5.2"]
[Board "6"]
[White "Korobov, Anton"]
[Black "Georgiev, Kiril"]
[Result "1-0"]
[WhiteTitle "GM"]
[BlackTitle "GM"]
[WhiteElo "2689"]
[BlackElo "2621"]
[WhiteTeam "Syberia"]
[BlackTeam "Ashdod"]
[WhiteFideId "14105730"]
[BlackFideId "2900017"]
[EventDate "2016.11.06"]

1. d4 Nf6 2. c4 g6 3. Nc3 d5 4. cxd5 Nxd5 5. e4 Nxc3 6. bxc3 Bg7 7. Bc4 c5 8.
Ne2 Nc6 9. Be3 O-O 10. O-O Bd7 11. Rb1 Qc7 12. Qd2 Rad8 13. Rfc1 Bc8 14. Nf4 e6
15. Bb5 a6 16. Bxc6 bxc6 17. Ne2 e5 18. d5 cxd5 19. exd5 f5 20. Bg5 Rd6 21. c4
f4 22. f3 h6 23. Bh4 g5 24. Bf2 g4 25. Nc3 Rg6 26. Kh1 g3 27. Bg1 Bf5 28. Re1
gxh2 29. Bf2 Qd7 30. Ne4 Kh7 31. Nxc5 Qc8 32. Ne6 Rg8 33. Bh4 Bxe6 34. dxe6 Qxe6
35. c5 Qf5 36. Rb7 Kh8 37. Rb6 Kh7 38. Rxg6 Qxg6 39. Qd7 Kh8 40. c6 1-0

[Event "32nd ECC Open 2016"]
[Site "Novi Sad SRB"]
[Date "2016.11.10"]
[Round "5.3"]
[Board "1"]
[White "Artemiev, Vladislav"]
[Black "Sjugirov, Sanan"]
[Result "1/2-1/2"]
[WhiteTitle "GM"]
[BlackTitle "GM"]
[WhiteElo "2658"]
[BlackElo "2664"]
[WhiteTeam "Ladya Kazan"]
[BlackTeam "Zhiguli"]
[WhiteFideId "24101605"]
[BlackFideId "4189302"]
[EventDate "2016.11.06"]

1. Nf3 d5 2. d4 Nf6 3. Bf4 Bf5 4. e3 e6 5. Bd3 Bd6 6. Bg5 h6 7. Bh4 Bxd3 8. Qxd3
Nbd7 9. c4 dxc4 10. Qxc4 c5 11. dxc5 Bxc5 12. Nc3 Rc8 13. O-O O-O 14. Rfd1 Qa5
15. Qe2 Bb4 16. Ne4 Qf5 17. Nxf6+ Nxf6 18. Bxf6 Qxf6 19. Qb5 Bc5 20. b4 Bb6 21.
a4 Rc6 22. a5 a6 23. Qf1 Bc7 24. b5 axb5 25. Qxb5 Rd6 26. Nd4 Rd5 27. Qxb7 Bxa5
28. Nc6 Rxd1+ 29. Rxd1 Bc3 30. Qc7 g6 31. Qb7 Kg7 32. h3 Qf5 33. Rd7 Bf6 34. Nd4 1/2-1/2

[Event "32nd ECC Open 2016"]
[Site "Novi Sad SRB"]
[Date "2016.11.10"]
[Round "5.3"]
[Board "2"]
[White "Oparin, Grigoriy"]
[Black "Kamsky, Gata"]
[Result "1-0"]
[WhiteTitle "GM"]
[BlackTitle "GM"]
[WhiteElo "2621"]
[BlackElo "2648"]
[WhiteTeam "Zhiguli"]
[BlackTeam "Ladya Kazan"]
[WhiteFideId "24125890"]
[BlackFideId "2000024"]
[EventDate "2016.11.06"]

1. e4 c5 2. Nf3 e6 3. d4 cxd4 4. Nxd4 a6 5. Bd3 g6 6. Nc3 Bg7 7. Be3 Ne7 8. Qd2
d5 9. exd5 Nxd5 10. Nxd5 Qxd5 11. c4 Qe5 12. O-O-O O-O 13. h4 b5 14. Nf3 Qc7 15.
Bh6 Bxh6 16. Qxh6 bxc4 17. Be4 Ra7 18. h5 c3 19. hxg6 cxb2+ 20. Kb1 fxg6 21.
Bxg6 Qg7 22. Be4 Qxh6 23. Rxh6 Rg7 24. Ne5 Rg5 25. Nc4 Nd7 26. Nd6 Nc5 27. Bxh7+
Kg7 28. Rh3 Rxg2 29. Bc2 Rfxf2 30. Rc3 Bd7 31. Rxc5 1-0

[Event "32nd ECC Open 2016"]
[Site "Novi Sad SRB"]
[Date "2016.11.10"]
[Round "5.3"]
[Board "3"]
[White "Timofeev, Artyom"]
[Black "Predke, Alexandr"]
[Result "1/2-1/2"]
[WhiteTitle "GM"]
[BlackTitle "GM"]
[WhiteElo "2598"]
[BlackElo "2579"]
[WhiteTeam "Ladya Kazan"]
[BlackTeam "Zhiguli"]
[WhiteFideId "4140419"]
[BlackFideId "24107581"]
[EventDate "2016.11.06"]

1. c4 e6 2. Nc3 c5 3. e4 Nc6 4. g3 g6 5. Bg2 Bg7 6. d3 Nge7 7. h4 d5 8. cxd5
exd5 9. exd5 Nd4 10. Nh3 O-O 11. h5 Bxh3 12. Rxh3 Qd7 13. Kf1 b5 14. Bg5 Rac8
15. Bxe7 Qxe7 16. hxg6 fxg6 17. Ne4 Nf5 18. Qd2 Qe5 19. Re1 c4 20. g4 Nd6 21.
Nxd6 Qxd6 22. Re6 Qf4 23. Qxf4 Rxf4 24. Re4 Rxe4 25. Bxe4 Bxb2 26. dxc4 bxc4 27.
d6 Rd8 28. Bd5+ Kg7 29. Bxc4 Rxd6 30. Rd3 Rxd3 31. Bxd3 1/2-1/2

[Event "32nd ECC Open 2016"]
[Site "Novi Sad SRB"]
[Date "2016.11.10"]
[Round "5.3"]
[Board "4"]
[White "Frolyanov, Dmitry"]
[Black "Hasangatin, Ramil"]
[Result "1/2-1/2"]
[WhiteTitle "GM"]
[BlackTitle "GM"]
[WhiteElo "2539"]
[BlackElo "2505"]
[WhiteTeam "Zhiguli"]
[BlackTeam "Ladya Kazan"]
[WhiteFideId "4151976"]
[BlackFideId "4122160"]
[EventDate "2016.11.06"]

1. e4 e5 2. Nf3 Nc6 3. Bb5 a6 4. Ba4 Nf6 5. O-O Be7 6. Re1 b5 7. Bb3 d6 8. c3
O-O 9. h3 Re8 10. d4 Bb7 11. Nbd2 exd4 12. cxd4 Nd7 13. Nf1 Na5 14. Bc2 Bf6 15.
Ne3 Bxe4 16. Bxe4 Rxe4 17. Qc2 d5 18. Bd2 Nc4 19. Nxd5 Nxd2 20. Rxe4 Nxe4 21.
Qxe4 c6 22. Nxf6+ Qxf6 23. Rc1 Rc8 24. b4 Qd6 25. a3 h6 26. Ne5 Nxe5 27. dxe5
Qd2 28. Rc2 Qd7 29. Kh2 h5 30. f4 g6 31. Rc3 Qe6 32. Rd3 Re8 33. Rd2 Kg7 34. Qc2
g5 35. Rd6 Qc4 36. Qxc4 bxc4 37. Rxc6 gxf4 38. Rxc4 Rxe5 39. Rxf4 a5 40. Rf2 a4
41. Kg3 Re3+ 42. Rf3 Re2 43. Rd3 Ra2 44. Kf4 h4 45. g4 hxg3 46. Rxg3+ Kf6 47.
Re3 Ra1 48. Ke4 Ke6 49. Kd4+ Kd6 50. Rf3 f5 51. b5 Rd1+ 52. Kc4 Ke5 53. b6 Rb1
54. Kc5 Ke4 55. Rc3 f4 56. Kc6 f3 57. Rc2 Ke3 58. b7 f2 59. Rxf2 Kxf2 60. h4 Rb3
61. h5 Rc3+ 62. Kd6 Rb3 63. Kc7 Rc3+ 64. Kb6 Rxa3 65. h6 Rb3+ 66. Ka6 a3 67. h7
a2 68. h8=Q Ra3+ 69. Kb6 a1=Q 70. Qxa1 Rxa1 71. b8=Q Rb1+ 72. Kc7 Rxb8 73. Kxb8 1/2-1/2

[Event "32nd ECC Open 2016"]
[Site "Novi Sad SRB"]
[Date "2016.11.10"]
[Round "5.3"]
[Board "5"]
[White "Faizrakhmanov, Ramil"]
[Black "Geller, Jakov"]
[Result "0-1"]
[WhiteTitle "FM"]
[BlackTitle "GM"]
[WhiteElo "2422"]
[BlackElo "2488"]
[WhiteTeam "Ladya Kazan"]
[BlackTeam "Zhiguli"]
[WhiteFideId "24103209"]
[BlackFideId "4151984"]
[EventDate "2016.11.06"]

1. d4 d5 2. c4 e6 3. Nc3 c6 4. e3 Nf6 5. Nf3 Nbd7 6. Qc2 Bd6 7. Bd3 O-O 8. O-O
dxc4 9. Bxc4 b5 10. Bd3 Bb7 11. Ng5 h6 12. Nge4 Nxe4 13. Nxe4 Be7 14. a4 b4 15.
Bd2 a5 16. Rfd1 c5 17. dxc5 Rc8 18. Be1 f5 19. Ng3 Rxc5 20. Qe2 Qc7 21. f4 Nf6
22. Bd2 Rd8 23. b3 Qb6 24. Bc4 Bd5 25. Rac1 Bxc4 26. bxc4 Qc6 27. e4 Nxe4 28.
Nxe4 Qxe4 29. Kf2 Rd4 30. Be3 Rxd1 31. Qxd1 Rxc4 32. Rxc4 Qxc4 33. Qf3 b3 34.
Qb7 Qc2+ 0-1

[Event "32nd ECC Open 2016"]
[Site "Novi Sad SRB"]
[Date "2016.11.10"]
[Round "5.3"]
[Board "6"]
[White "Brodsky, Michail"]
[Black "Murtazin, Bulat"]
[Result "1-0"]
[WhiteTitle "GM"]
[BlackTitle "FM"]
[WhiteElo "2523"]
[BlackElo "2384"]
[WhiteTeam "Zhiguli"]
[BlackTeam "Ladya Kazan"]
[WhiteFideId "14100932"]
[BlackFideId "24151351"]
[EventDate "2016.11.06"]

1. d4 d5 2. c4 e6 3. Nc3 Be7 4. Nf3 Nf6 5. Bg5 h6 6. Bxf6 Bxf6 7. e3 O-O 8. Rc1
c6 9. Bd3 Nd7 10. O-O a5 11. b3 Qe7 12. e4 dxc4 13. Bxc4 e5 14. d5 Nb6 15. h3
Qb4 16. Qe2 Bd7 17. Rfd1 Rfd8 18. dxc6 bxc6 19. Nb1 Qe7 20. Nbd2 a4 21. Qe3 Qb4
22. bxa4 Nxa4 23. Bb3 Nb2 24. Rf1 Be8 25. Rc3 Qa5 26. Rb1 Na4 27. Rc4 Nb6 28.
Rc2 Rab8 29. Rbc1 Qa6 30. Qc5 Nc8 31. Nc4 Rb5 32. Qe3 Qa8 33. Rd2 Rxd2 34. Qxd2
Qb8 35. Rd1 Rb7 36. Qc3 Re7 37. Qa5 Kf8 38. Qc5 Qb5 39. Qa3 c5 40. Rd5 Rc7 41.
Nfxe5 Be7 42. Qc1 f6 43. Qf4 Nb6 44. Rd1 1-0

[Event "32nd ECC Open 2016"]
[Site "Novi Sad SRB"]
[Date "2016.11.10"]
[Round "5.4"]
[Board "2"]
[White "Aronian, Levon"]
[Black "Parligras, Mircea-Emilian"]
[Result "1/2-1/2"]
[WhiteTitle "GM"]
[BlackTitle "GM"]
[WhiteElo "2795"]
[BlackElo "2599"]
[WhiteTeam "OR Padova"]
[BlackTeam "AEM Luxten Timisoara"]
[WhiteFideId "13300474"]
[BlackFideId "1204297"]
[EventDate "2016.11.06"]

1. d4 Nf6 2. Nf3 d5 3. c4 e6 4. Nc3 Be7 5. Bf4 O-O 6. e3 Nbd7 7. c5 Ne4 8. Rc1
Nxc3 9. Rxc3 b6 10. c6 Nf6 11. a3 Ne4 12. Rc2 a5 13. Bd3 f6 14. O-O Ba6 15. Ne1
Bd6 16. Bxa6 Rxa6 17. Qd3 Ra8 18. f3 Bxf4 19. fxe4 Bh6 20. Nf3 Qe8 21. Rc3 Qg6
22. e5 Qxd3 23. Rxd3 f5 24. g3 b5 25. Kf2 Ra6 26. Rc1 Rb8 27. Ne1 g6 28. Rdc3
Bf8 29. R3c2 b4 30. axb4 Rxb4 31. Nd3 Rbb6 32. h3 Kf7 33. g4 a4 34. Kf3 a3 35.
bxa3 Rxa3 36. Rc3 Ra2 37. R3c2 Ra3 38. Rc3 Ra2 39. R3c2 Ra3 1/2-1/2

[Event "32nd ECC Open 2016"]
[Site "Novi Sad SRB"]
[Date "2016.11.10"]
[Round "5.4"]
[Board "5"]
[White "Grunberg, Mihai-Lucian"]
[Black "Bacrot, Etienne"]
[Result "1/2-1/2"]
[WhiteTitle "IM"]
[BlackTitle "GM"]
[WhiteElo "2397"]
[BlackElo "2691"]
[WhiteTeam "AEM Luxten Timisoara"]
[BlackTeam "OR Padova"]
[WhiteFideId "1204149"]
[BlackFideId "605506"]
[EventDate "2016.11.06"]

1. Nf3 d5 2. g3 Nf6 3. Bg2 c5 4. O-O g6 5. d4 cxd4 6. Nxd4 Bg7 7. c4 O-O 8. cxd5
Nxd5 9. Nc3 Nxc3 10. bxc3 Nd7 11. Rb1 Nb6 12. Qc2 e5 13. Nb5 Bf5 14. e4 Be6 15.
Rd1 Qc8 16. Nxa7 Rxa7 17. Rxb6 Rxa2 18. Qb1 Qxc3 19. Be3 Qc2 20. Qxc2 Rxc2 21.
Rxb7 Rfc8 22. Rbb1 Bf8 23. Rbc1 Rxc1 24. Rxc1 Rxc1+ 25. Bxc1 Bc5 26. h4 Bb3 27.
Bd2 Kf8 28. Kf1 Ke7 29. Ke1 Kd6 30. Bf1 Kc6 31. Bd3 Be6 32. Ke2 Bg4+ 33. f3 1/2-1/2